00839 2200301 4500001002100000005001500021035002000036007000300056040001600059100002300075245007500098250001300173300004500186020002200231041000800253082000800261090002100269264003800290336002100328337003000349338002300379650002900402850001000431008004100441504002500482990001500507990001500522INLIS00000000000446820260525123420 a0010-0122000100ta aSBUPADbind0 aSutarnoePengarang1 aSatu Abad Kebangkitan Nasional Dan Kebangkitan Perpustakaan /cSutarno a.-Cet. 1 avii, 136 hal. :billus. ;c12,5 x19,5 cm a978-979-3288-70-3 aind a025 a070.5 RON b 1-20 a.--Jakarta :bSagung Seto,c2008. 2rdacontentaTeks 2rdamediaaTanpa Perantara 2rdacarrieravolume 4aKebangkitan Perpustakaan aPUPAD260525 0  abibliografi, hlm 133 a804/B/2013 a805/B/2013